কিমিয়ায়ে সা'আদাত বা সৌভাগ্য পরশমণি / (Record no. 4799)

MARC details
000 -LEADER
fixed length control field 00952nam a22002297a 4500
001 - CONTROL NUMBER
control field BD-DhSAU 4799
003 - CONTROL NUMBER IDENTIFIER
control field BD-DhSAU
005 - DATE AND TIME OF LATEST TRANSACTION
control field 20150226110945.0
008 - FIXED-LENGTH DATA ELEMENTS--GENERAL INFORMATION
fixed length control field 150226b1981 bg |||| |||| 000 0 ben d
040 ## - CATALOGING SOURCE
Original cataloging agency BD-DhSAU
082 ## - DEWEY DECIMAL CLASSIFICATION NUMBER
Edition number 22
Classification number ---
Item number ----
100 ## - MAIN ENTRY--PERSONAL NAME
Personal name গাযযালী (র:), হুজ্জাতুল ইসলাম হযরত ইমাম
245 ## - TITLE STATEMENT
Title কিমিয়ায়ে সা'আদাত বা সৌভাগ্য পরশমণি /
Statement of responsibility, etc. হুজ্জাতুল ইসলাম হযরত ইমাম গাযযালী (র:)
260 ## - PUBLICATION, DISTRIBUTION, ETC. (IMPRINT)
Place of publication, distribution, etc. ঢাকা :
Name of publisher, distributor, etc. এমদাদিয়া লাইব্রেরী ,
Date of publication, distribution, etc. ১৯৮১.
300 ## - PHYSICAL DESCRIPTION
Extent ৪০২ পৃ. :
Dimensions ২৫ সে. মি.
440 ## - SERIES STATEMENT/ADDED ENTRY--TITLE
Title বিনাশন খণ্ড
Volume/sequential designation তৃতীয় খণ্ড
590 ## - Name of Cataloguer
Name of Cataloger tamanna
650 ## - SUBJECT ADDED ENTRY--TOPICAL TERM
Topical term or geographic name as entry element religion
650 ## - SUBJECT ADDED ENTRY--TOPICAL TERM
Topical term or geographic name as entry element ইসলাম
650 ## - SUBJECT ADDED ENTRY--TOPICAL TERM
Topical term or geographic name as entry element ধর্ম
650 ## - SUBJECT ADDED ENTRY--TOPICAL TERM
Topical term or geographic name as entry element islam
942 ## - ADDED ENTRY ELEMENTS (KOHA)
Source of classification or shelving scheme Dewey Decimal Classification
Koha item type Book
Holdings
Withdrawn status Lost status Source of classification or shelving scheme Damaged status Not for loan Home library Branch Name Shelving location Date acquired Total Checkouts Full call number Barcode Date last seen Price effective from Koha item type
    Dewey Decimal Classification     SAU Library SAU Library General Stacks 29/06/1988   --- ---- 12282 26/02/2015 26/02/2015 Book